Éléments chimiques- Bèryllium - Statistiques

Statistiques générales
  • Ce quiz a été pris 3 fois
  • Le résultat moyen est 9 sur 18
Statistiques - réponses
Questions Réponses % Correct
Densité à 68 °F (20 °F) 1,25 g/cm^3
100%
Niveau d’oxydation 2,0
100%
Symbole Be
100%
État de la matière (à 68 °F/ 20 °C et à 1013 hPa) Solide
100%
Rayon atomique (en pm= en picomètre=10^12) 111,3
67%
Année de découverte 1798
67%
Fraction de masse dans la géosphère de la Terre (en %) 5*10^-4
67%
Dureté de Mohs 5,5
67%
Masse atomique relative 9,012182
67%
Désignation Bèryllium/ Beryllium
67%
Électronégativité Allred-Rochow 1,47
33%
Electronegativité Pauling 1,57
33%
Classification I Métaux alcalinaux-terreux
33%
Type de structure des réseaux cristallin Structure hexagonale compacte
33%
Température de fusion 2332,4 °F/ 1278 °C
0%
Température d’ébullition 5378 °F/ 2970 °C
0%
Classification II Élément natural/ Élément pur
0%
Découvert par Nicolas Louis Vauquelain
0%
Aucun quiz correspondant
Distribution des résultats
% des personnes avec chaque résultat
Percentile par nombre de réponses
Votre historique - résultats
Vous n’avez pas pris ce quiz